|
|
|
|
| LEADER |
00000nab a2200000 ar4500 |
| 001 |
vtls008771377 |
| 003 |
SK-MaSNL |
| 005 |
20260303071441.0 |
| 008 |
060608c20060601xo sr|p|||||||000 b|slo |
| 015 |
|
|
|a SNBRB2006/06
|2 snkbucl
|
| 038 |
|
|
|a SNKBUCL
|
| 040 |
|
|
|a SNKBUCL
|b slo
|c SNKBUCL
|e AACR2
|
| 041 |
0 |
|
|a slo
|
| 044 |
|
|
|a xo
|c SK
|
| 080 |
|
|
|a 796.342.093.1
|2 UDC-MRF-SK2
|
| 100 |
1 |
|
|a Grosmann, Tomáš
|4 aut
|9 5355
|
| 245 |
1 |
0 |
|a Gajdošová iba vystrašila Schnyderovú
|b jednotky, Federer a Mauresmová, bez straty setu aj za druhou prekážkou
|c Tomáš Grosmann
|
| 300 |
|
|
|b Fotogr., tab.
|
| 611 |
2 |
7 |
|a Majstrovstvá Francúzska v tenise
|d (2006 :
|c Paríž, Francúzsko)
|2 snkbucl
|9 1056792
|
| 650 |
0 |
7 |
|a tenis
|2 snkbucl
|9 3293
|
| 773 |
0 |
|
|t Šport
|g Roč. 60, č. 125 (1.6.2006), s. 26
|x 0139-7001
|
| 999 |
|
|
|c 1759970
|d 1761900
|